Países por Nombre Oficial - Estadísticas

Estadísticas generales
  • Esta prueba ha sido intentada 95 veces
  • La puntuación promedio es 19 de 20
Estadísticas de respuestas
Nombre Oficial Países % Correcto
República Eslovaca Eslovaquia
100%
República Francesa Francia
100%
República Cooperativa de Guyana Guyana
99%
República Popular Democrática de Corea Corea del Norte
98%
Estado del Japón Japón
96%
Reino Hachemita de Jordania Jordania
96%
Reino de Marruecos Marruecos
96%
República Bolivariana de Venezuela Venezuela
96%
República Gabonesa Gabón
95%
República Libanesa Líbano
95%
República Islámica de Mauritania Mauritania
95%
República de Macedonia del Norte Macedonia del Norte
94%
Estados Unidos Mexicanos México
94%
Reino Unido de Gran Bretaña e Irlanda del Norte Reino Unido
94%
República Oriental del Uruguay Uruguay
94%
Principado de Mónaco Mónaco
92%
República Federal Democrática de Nepal Nepal
92%
República Tunecina Túnez
88%
República de Côte d’Ivoire Costa de Marfil
83%
República Helénica Grecia
79%
No se encontraron pruebas coincidentes
Distribución de puntuación
Porcentaje de gente con cada puntuación
Porcentaje por número respondido
Historial de tus puntuaciones
No has intentado esta prueba.